000 01403ngm a22004450a 4500
001 PT47369
003 AR-LpoUNG
005 20210202000018.0
007 vd cvaizq
008 191001s2009||||ag |||||||||||||||||spa d
037 _c$2,50
040 _aAR-LpoUNG
_bspa
_cAR-LpoUNG
_eaacr
041 _aspa
044 _aag
082 0 _a982.063 363v1
100 1 _aFernández Mouján, Alejandro
_edir.
245 1 4 _aLos resistentes :
_brelatos de la lucha clandestina entre 1955 y 1965
260 _aBuenos Aires :
_bEl perro en la luna,
_c2009.
300 _aDVD (ca. 88 min.) : son., col.
505 0 _aInvestigación: Ricardo Ottone, Martiniano Cardoso. Montaje: Vanina Milione, Alejandro Fernández Mouján.
520 _aEste documental, dirigido por Alejandro Fernández Mouján, reconstruye la lucha clandestina de los militantes peronistas contra los gobiernos dictatoriales que sufrió el país entre 1955 y 1965.
650 4 _aANALISIS HISTORICO
650 4 _aARGENTINA
650 4 _aDICTADURA
650 4 _aECONOMIA
650 4 _aGOBIERNO MILITAR
650 4 _aGOLPES DE ESTADO
650 4 _aHISTORIA
650 4 _aPOLITICA
650 4 _aREVOLUCION
650 4 _aSOCIEDAD
651 4 _aArgentina
653 _aCINE ARGENTINO
653 _aDOCUMENTALES
653 _aDVD
653 _aPERONISMO
653 _aVIDEOS
905 _a47369
942 _cDVD
999 _c53959
_d53959